| 000 | 02237nam a22005177a 4500 | ||
|---|---|---|---|
| 003 | CHAP | ||
| 005 | 20220329135606.0 | ||
| 008 | 971013s1973 r 00010 d | ||
| 010 | _a38992 | ||
| 011 | _a39964 | ||
| 035 | _a44089 | ||
| 040 | _cCHAP | ||
| 082 |
_a630.24 _bP7 |
||
| 100 | 0 | 0 |
_aPrimo Yúfera, Eduardo. _991641 |
| 245 | _aQuímica agrícola | ||
| 260 |
_aMadrid : _bAlhambra, _c1973-197 |
||
| 300 |
_a3 v. _b: ilus. gráfs. |
||
| 490 | _aZairoz, 6. Sección I Tecnología de los productos alimenticios, 2 | ||
| 505 | _aContenido : v.1 Suelos y fertilizantes.- v.2 Plaguicidas y fitorreguladores.- v.3 Alimentos | ||
| 590 |
_aBATCH-UPD _b10 _c20130110 _lUCH01 _h0006 |
||
| 590 |
_aBATCH-UPD _b10 _c20130110 _lUCH01 _h1526 |
||
| 590 |
_aBATCH-UPD _b10 _c20130409 _lUCH01 _h1942 |
||
| 590 |
_aBATCH-UPD _b10 _c20130410 _lUCH01 _h0936 |
||
| 590 |
_aBATCH-UPD _b10 _c20130914 _lUCH01 _h0851 |
||
| 590 |
_aCONVERSION _b10 _c20130109 _lUCH01 _h1322 |
||
| 650 | 1 | 4 |
_aFertilizantes. _940447 |
| 650 | 1 | 4 |
_aQuímica agrícola. _993576 |
| 650 | 1 | 4 |
_aSuelos _xAnálisis. _9110204 |
| 650 | 1 | 4 |
_aSuelos _xFísica de. _9110373 |
| 650 | 1 | 4 |
_aSuelos _xMateria orgánica. _9110429 |
| 650 | 1 | 4 |
_aSuelos _xQuímica de. _9110470 |
| 700 | 0 |
_aCarrasco Dorrién, J. M. _919343 |
|
| 830 | 0 |
_aZairoz, 6. Sección I Tecnología de los productos alimenticios, 2 _9123446 |
|
| 901 | _aBK | ||
| 942 | _cLIBRO | ||
| 949 |
_a630.24 P7 _bBC _cLIBRO _d33724000029286 _eLIBRO _fv.1 c.2 _h61807 _i44089 _si |
||
| 949 |
_a630.24 P7 _bBC _cLIBRO _d33724000029294 _eLIBRO _fv.1 c.3 _h76596 _i44089 _si |
||
| 949 |
_a630.24 P7 _bBC _cLIBRO _d33724000029310 _eLIBRO _fv.3 _h29843 _i44089 _si |
||
| 949 |
_a630.24 P7 _bBC _cLIBRO _d33724000029336 _eLIBRO _fv.3 c.2 _h61806 _i44089 _si |
||
| 949 |
_a630.24 P7 _bBC _cLIBRO _d33724000564332 _eLIBRO _fv.1 _h38574 _i44089 _si |
||
| 949 |
_a630.24 P7 _bBC _cLIBRO _d33724000564340 _eLIBRO _fv.2 _h34615 _i44089 _si |
||
| 949 |
_a630.24 P7 _bBC _cLIBRO _d33724000565008 _eLIBRO _fv.2 c.3 _h61810 _i44089 _si |
||
| 949 |
_a630.24 P7 _bBC _cLIBRO _d33724000941134 _eLIBRO _fv.3 c.3 _h61809 _i44089 _si |
||
| 949 |
_a630.24 P7 _bBC _cLIBRO _d33724002062785 _eLIBRO _fv.2 c.2 _h61808 _i44089 _si |
||
| 949 |
_a630.24 P7 _bBC _cLIBRO _d33724002175587 _eLIBRO _fv.1 c.4 _h112715 _i44089 _si |
||
| 999 |
_c38992 _d38992 |
||